| 000 | 00669nam a2200217 i 4500 | ||
|---|---|---|---|
| 001 | 74658 | ||
| 003 | ES-MaACL | ||
| 005 | 20230906172215.0 | ||
| 007 | t| | ||
| 008 | 040920s1970 sp ||||1| spa d | ||
| 017 | _aM 11422-1970 | ||
| 080 | _a821.134.2-94"19"92 González Ruano, César | ||
| 080 | _a929 González Ruano, César | ||
| 100 | 1 |
_aGonzález-Ruano, César, _d1903-1965 _958936 |
|
| 245 | 1 | 0 |
_aDiario íntimo _b: (1951-1965) / _cCésar González-Ruano. |
| 260 |
_aMadrid : _bTaurus, _c1970. |
||
| 300 |
_a1163 p., 9 lám. ; _c24 cm. |
||
| 600 | 1 | 4 |
_aGonzález-Ruano, César, _d1903-1965 _958936 |
| 852 | 4 |
_a BA _jC-38032 |
|
| 999 |
_c74658 _d74658 |
||